| 000 | 00687nam a2200229 4500 | ||
|---|---|---|---|
| 001 | 834091 | ||
| 003 | BD-DhUL | ||
| 005 | 20161117171402.0 | ||
| 008 | 700602r19701959nyua b 001 0 eng | ||
| 010 | _a 77100805 | ||
| 040 |
_aDLC _cDLC _dDLC _dBD-DhUL |
||
| 050 | 0 | 0 |
_aBF39 _b.N78 1970 |
| 082 | 0 | 0 |
_a152.8 _bNUI |
| 100 | 1 | _aNunnally, Jum C. | |
| 245 | 1 | 0 |
_aIntroduction to psychological measurement / _c[by] Jum C. Nunnally, Jr. |
| 260 |
_aNew York : _bMcGraw-Hill, _c1970. |
||
| 300 |
_axv, 572 p. : _bill. ; _c23 cm. |
||
| 500 | _aPublished in 1959 under title: Tests and measurements. | ||
| 504 | _aBibliography: p. 511-520. | ||
| 650 | 0 | _aPsychometrics. | |
| 942 |
_2ddc _cBK |
||
| 999 |
_c125389 _d125389 |
||